Detalles MARC
| 000 -CABECERA |
| Longitud fija campo de control |
01350nam a2200361Ia 4500 |
| 003 - IDENTIFICADOR DEL NUMERO DE CONTROL |
| Identificador del número de control |
CO-BoRNBP |
| 005 - FECHA Y HORA DE LA ULTIMA TRANSACCION |
| Fecha y hora de la última transacción |
20230516155035.0 |
| 007 - CAMPO FIJO DE DESCRIPCION FISICA |
| Campo fijo de descripción física |
ta |
| 008 - CODIGOS DE INFORMACION DE LONGITUD FIJA |
| Códigos de información de longitud fija |
200115s9999 xx 000 0 und d |
| 020 ## - NUMERO INTERNACIONAL NORMALIZADO PARA LIBROS |
| Número Internacional Normalizado para Libros (ISBN) |
9789585474192 |
| 040 ## - FUENTE DE LA CATALOGACION |
| Centro catalogador de origen |
CO-BoRNBP |
| Lengua de catalogación |
spa |
| Normas de descripción |
rda |
| Centro transcriptor |
CO-BoRNBP |
| 041 ## - CODIGO DE LENGUA |
| Código de lengua del texto/banda sonora o título independiente |
spa |
| 084 ## - Clasificación Local Alfanúmerica PNLB |
| Número de clasificación |
N ALV11 |
| 100 1# - PUNTO DE ACCESO PRINCIPAL-NOMBRE DE PERSONA |
| Nombre de persona |
Alvear Sanín, Pilarica, 1942 |
| 245 #0 - TITULO PROPIAMENTE DICHO |
| Título |
Cuando aprendí a pensar / |
| Mención de responsabilidad, etc. |
Pilarica Alvear Sanín ; dibujos de carátula y colofón Hernando Tejada |
| 250 ## - MENCION DE EDICION |
| Mención de edición |
Primera edición |
| 264 #1 - PRODUCCION, PUBLICACION , DISTRIBUCION, FABRICACION Y COPYRIGHT |
| Lugar de producción, publicación, distribución, fabricación |
Bogotá : |
| Nombre del productor, editor, distribuidor, fabricante |
Laguna Libros |
| Fecha de de producción, publicación, distribución, fabricación o copyright |
2019 |
| 300 ## - DESCRIPCION FISICA |
| Extensión |
125 páginas : |
| Otras características físicas |
ilustraciones ; |
| Dimensiones |
20 cm. |
| 336 ## - TIPO DE CONTENIDO |
| Término de tipo de contenido |
texto |
| Código de tipo de contenido |
txt |
| Fuente |
rdacontent |
| 337 ## - TIPO DE MEDIO |
| Nombre del tipo de medio |
sin mediación |
| Código del tipo de medio |
n |
| Fuente |
rdamedia |
| 338 ## - TIPO DE SOPORTE |
| Nombre del tipo de soporte |
volumen |
| Código del tipo de soporte |
nc |
| Fuente |
rdacarrier |
| 500 ## - NOTA GENERAL |
| Nota general |
Recomendado para un público mayor de 15 años \ Incluye datos biográficos del autor en la solapa. |
| 650 17 - PUNTO DE ACCESO ADICIONAL DE MATERIA - TERMINO DE MATERIA |
| Término de materia o nombre geográfico como elemento inicial |
Autores colombianos siglo xx |
| Fuente del encabezamiento |
ARMARC |
| 650 17 - PUNTO DE ACCESO ADICIONAL DE MATERIA - TERMINO DE MATERIA |
| Término de materia o nombre geográfico como elemento inicial |
Curiosidad infantil novela |
| Fuente del encabezamiento |
ARMARC |
| 650 17 - PUNTO DE ACCESO ADICIONAL DE MATERIA - TERMINO DE MATERIA |
| Término de materia o nombre geográfico como elemento inicial |
Hermanos novela |
| Fuente del encabezamiento |
ARMARC |
| 650 17 - PUNTO DE ACCESO ADICIONAL DE MATERIA - TERMINO DE MATERIA |
| Término de materia o nombre geográfico como elemento inicial |
Literatura colombiana siglo xx |
| Fuente del encabezamiento |
ARMARC |
| 650 17 - PUNTO DE ACCESO ADICIONAL DE MATERIA - TERMINO DE MATERIA |
| Término de materia o nombre geográfico como elemento inicial |
Novela colombiana siglo xx |
| Fuente del encabezamiento |
ARMARC |
| 650 17 - PUNTO DE ACCESO ADICIONAL DE MATERIA - TERMINO DE MATERIA |
| Término de materia o nombre geográfico como elemento inicial |
Pensamiento novela |
| Fuente del encabezamiento |
ARMARC |
| 650 17 - PUNTO DE ACCESO ADICIONAL DE MATERIA - TERMINO DE MATERIA |
| Término de materia o nombre geográfico como elemento inicial |
Percepcion en niños novela |
| Fuente del encabezamiento |
ARMARC |
| 650 17 - PUNTO DE ACCESO ADICIONAL DE MATERIA - TERMINO DE MATERIA |
| Término de materia o nombre geográfico como elemento inicial |
Vida familiar novela |
| Fuente del encabezamiento |
ARMARC |
| 700 1# - PUNTO DE ACCESO ADICIONAL - NOMBRE DE PERSONA |
| Nombre de persona |
Tejada, Hernando |
| 942 ## - ENTRADA DE ELEMENTOS AGREGADOS (KOHA) |
| Fuente de clasificaión o esquema |
Dewey Decimal Classification |
| Koha [por defecto] tipo de item |
LIbro |